|
|
|
|
| LEADER |
00000nam a2200000 a 4500 |
| 001 |
vtls001281052 |
| 003 |
SK-MaSNL |
| 005 |
20260301234818.0 |
| 008 |
240314s1997 xo r cze |
| 015 |
|
|
|a SNBA1997/0601780
|
| 020 |
|
|
|a 8080460590
|
| 035 |
|
|
|a SNK000232452
|
| 035 |
|
|
|a urn:nbn:sk:snk-amltf1
|
| 035 |
|
|
|a urn:nbn:sk:snk-am00cde5
|
| 035 |
|
|
|a 7CBCCD80-AFD9-46B2-B3B0-4BD53FC0F43F
|
| 040 |
|
|
|a SNK
|b slo
|c SNK
|e AACR2
|
| 041 |
1 |
|
|a cze
|h eng
|
| 044 |
|
|
|a xo
|c SK
|
| 080 |
|
|
|a 03(087.5)=850
|2 1981
|
| 100 |
1 |
|
|a Langley, Andrew
|4 aut
|9 45223
|
| 240 |
1 |
0 |
|a The illustrated book of questions and answers
|l Česky
|
| 245 |
1 |
0 |
|a Velká kniha otázek a odpovědí
|c Andrew Langley ; [z anglického originálu přeložil kolektiv překladatelů]
|
| 250 |
|
|
|a 3. vyd.
|
| 260 |
|
|
|a Bratislava
|b Perfekt
|c 1997
|
| 300 |
|
|
|a 96 s.
|b fotogr.
|c 31 cm
|
| 500 |
|
|
|a Fotogr. na tit. strane
|
| 500 |
|
|
|a Údaj o prekl. prevzatý z rubu tit. strany
|
| 504 |
|
|
|a Reg.
|
| 650 |
0 |
7 |
|a encyklopédie
|2 SNK
|9 81740
|
| 655 |
|
7 |
|a encyklopédie
|2 SNK
|9 28776
|
| 919 |
|
|
|a 80-8046-059-0
|
| 958 |
|
|
|a TL
|
| 958 |
|
|
|a OP
|
| 958 |
|
|
|a NS
|
| 958 |
|
|
|a CZ
|
| 968 |
|
|
|a Čes
|b ENG
|
| 999 |
|
|
|c 972003
|d 973933
|
| 952 |
|
|
|t P60, <09>, [BOOK], {629}
|a SNK
|b SNK
|y NEVYP
|7 0
|o snkB 379
|i snk1331/970401
|0 0
|1 0
|4 0
|d 1997-03-26
|l 0
|r 2005-01-02 00:00:00
|w 2026-02-24
|
| 952 |
|
|
|t P60, <03>, [BOOK], {603}
|a SNK
|b SNK
|y PREZ
|7 0
|p 17A0055027
|o snkSB 56733
|i snkKSP 3090/97
|0 0
|1 0
|4 0
|d 1997-03-26
|f 1
|l 0
|r 2025-04-02 00:00:00
|w 2026-02-24
|
| 952 |
|
|
|t P60, <04>, [BOOK], {604}
|a SNK
|b SNK
|y VYP
|7 0
|p 17A0055026
|o snkSB 56733 D1
|i snkKSP 3091/97
|0 0
|1 0
|4 0
|d 1997-03-26
|l 0
|r 2005-01-02 00:00:00
|w 2026-02-24
|